000 003810000a22001570004500
003 MACL
005 20160309164018.0
008 160309b xxu||||| |||| 00| 0 eng d
040 _aMACL
_cMACL
041 _aHindi
082 _a891.432
100 _aप्रसाद जयशंकर
_941425
245 _aकामना
650 _aDrama
_944292
942 _cHIN
_k954
_2ddc
999 _c23214
_d23214